000 00971nmm a2200289 a 4500
001 ocm0001132606
003 TR-IsHL
005 20201028152251.0
008 150709s2015 tu tur
007 cr cn
020 _a9786054941131
035 _a1132606
_b(N$T)
050 0 4 _aHV6433.T9
_bE78 2015
090 0 4 _aHV6433.T9
_bE78 2015
100 1 _aErtan, Birol
245 1 0 _aTerörizm ve Türkiye
_h[electronic resource] /
_cBirol Ertan
260 _aİstanbul :
_bToplumsal Dönüşüm Yayınları,
_c2015
300 _a145 p.
650 4 _aPolitika ve Uluslararası İlişkiler
650 4 _aPolitics and International Relations
650 0 _aTerörizm
_xTürkiye
650 0 _aTürkiye
_xSiyaset ve yönetim
650 0 _aTerrorism
_xTurkey
650 0 _aTurkey
_xPolitics and government
650 7 _aPOLITICAL SCIENCE / Terrorism
_2bisacsh
856 4 0 _uhttp://search.ebscohost.com/login.aspx?direct=true&scope=site&db=e011xww&AN=1132606
999 _c11439
_d11439